Loading...
| Science - Chemistry | 0 | 5 | 0 | 1 | 50 | 58 | 105.80 | 0 | 1 | 0.00 | 0.00 |
| Science - Biology | 0 | 6 | 4 | 2 | 40 | 107 | 121.33 | 1 | 1 | 0.00 | 0.00 |
| Literature - British | 0 | 3 | 0 | 0 | 30 | 109 | 127.67 | 0 | 0 | 0.00 | 0.00 |
| Literature - American | 0 | 3 | 1 | 1 | 25 | 135 | 148.33 | 0 | 0 | 0.00 | 0.00 |
| Literature - European | 0 | 2 | 0 | 0 | 20 | 108 | 115.50 | 0 | 1 | 0.00 | 0.00 |
| Literature - World | 0 | 3 | 2 | 1 | 20 | 119 | 133.00 | 0 | 0 | 0.00 | 0.00 |
| Current Events | 0 | 1 | 0 | 0 | 10 | 124 | 124.00 | 0 | 0 | 0.00 | 0.00 |
| Mythology | 0 | 1 | 0 | 0 | 10 | 86 | 86.00 | 0 | 0 | 0.00 | 0.00 |
| Science - Other | 0 | 1 | 0 | 0 | 10 | 92 | 92.00 | 0 | 0 | 0.00 | 0.00 |
| Science - Physics | 0 | 0 | 0 | 0 | 0 | 0.00 | 0 | 0 | 0.00 | 0.00 |